000
00346 a2200169 4500
001
74494
020
_a
8508046510
040
_c
Anchieta - Colégio São Paulo
100
_a
Oliveira, Antonio Carlos
240
1
0
_a
Canudos
_l
por
245
1
0
_a
Canudos
300
_a
40
362
0
_a
1997
440
1
_a
Ática
650
4
_a
Brasil
942
_c
BK
999
_c
74494
_d
74494